000 01022nam a2200241 a 4500
001 43843
003 BD-RjUL
005 20211209053748.0
008 160628s1974 ii ||||| |||| 00| 0 ben d
020 _c: Tk. 20.00
035 _a(BD-RjUL)43961
040 _aBD-RjUL
_bben
_cBD-RjUL
041 _aben
082 _223
_a891.4408
_bSEA 1974
100 _aসেনগুপ্ত, অচিন্ত্যকুমার
_9116540
245 _aঅচিন্ত্যকুমার রচনাবলী /
_cঅচিন্ত্যকুমার সেনগুপ্ত
260 _aকলকাতা :
_bগ্রন্থালয় প্রাঃ লিঃ,
_c১৯৭৪
300 _aখন্ড ;
_c২২ সেমি.
505 0 _aখন্ড. ১. -- খন্ড --২ খন্ড. ৩. -- খন্ড. ৪ -- খন্ড. ৫. --
650 _aবাংলা সাহিত্য
_vসংগ্রহ
_9118114
650 _aBengali literature
_vCollection work
_9118115
942 _2ddc
_cBK
999 _c43843
_d43843